| 000 | 00544nam a2200157 a 4500 | ||
|---|---|---|---|
| 008 | 160831s2001 ||||||||||||||||| || u | ||
| 020 | _a9780340767085 | ||
| 050 | _aPR 6107.E25T7 | ||
| 100 | _aGeorge, Elizabeth | ||
| 245 | 1 | 2 |
_aA traitor to memory: a novel _cBy Elizabeth George |
| 260 |
_aLondon _bHodder and Stoughton _c2001 |
||
| 300 | _a802 p. | ||
| 350 | _a21.00 | ||
| 650 | _aENGLISH LANGUAGE | ||
| 995 |
_FCBU-MAIN LIBRARY (Kitwe) _I21.00 _M1 _UAVAILABLE _WSep 29, 2016 _ZFiction Collection |
||
| 999 |
_c60277 _d60277 |
||